Loading...
| Philosophy | 0 | 9 | 0 | 1 | 90 | 51 | 80.67 | 2 | 7 | 28.52 | 63.94 |
| Fine Arts - Painting and Sculpture | 0 | 8 | 0 | 0 | 80 | 50 | 71.63 | 1 | 4 | 34.40 | 60.23 |
| Religion | 0 | 7 | 0 | 0 | 70 | 52 | 79.29 | 3 | 5 | 24.28 | 53.26 |
| Social Science | 0 | 5 | 0 | 1 | 50 | 22 | 71.80 | 1 | 2 | 18.32 | 31.67 |
| Mythology | 0 | 5 | 1 | 0 | 45 | 44 | 63.60 | 0 | 3 | 25.18 | 40.00 |
| Fine Arts - Other | 0 | 3 | 0 | 0 | 30 | 57 | 80.67 | 0 | 3 | 12.16 | 23.26 |
| History - World | 0 | 1 | 0 | 1 | 10 | 118 | 118.00 | 0 | 0 | 0.00 | 1.67 |
| Science - Other | 0 | 1 | 0 | 0 | 10 | 44 | 44.00 | 0 | 1 | 5.85 | 9.09 |
| Science - Biology | 0 | 1 | 1 | 1 | 5 | 114 | 114.00 | 0 | 0 | 0.00 | 0.91 |
| Literature - British | 0 | 0 | 1 | 0 | -5 | 0.00 | 0 | 0 | 0.00 | 0.00 |